Agricultural Policy Monitoring and Evaluation 2017

Gespeichert in:
Bibliographische Detailangaben
Format: Buch
Sprache:Englisch
Veröffentlicht: Paris OECD 2017
Schriftenreihe:Agricultural Policy Monitoring and Evaluation
Schlagworte:
Tags: Tag hinzufügen
Keine Tags, Fügen Sie das erste Tag hinzu!

MARC

LEADER 00000nam a2200000 4500
001 0242129
005 20240314122710.8
020 |a 978-92-64-27563-8 
041 0 |a eng 
044 |a FR 
245 1 0 |a Agricultural Policy Monitoring and Evaluation 2017 
264 1 |a Paris  |b OECD  |c 2017 
300 |a 173 s. 
490 1 |a Agricultural Policy Monitoring and Evaluation 
830 0 |a Agricultural Policy Monitoring and Evaluation 
610 2 0 |a politika poľnohospodárska 
610 2 0 |a produkcia 
610 2 0 |a trh poľnohospodársky 
610 2 0 |a trh potravinový 
610 2 0 |a komodity 
610 2 0 |a obchod 
610 2 0 |a spotreba 
610 2 0 |a politika cenová 
610 2 0 |a podpora podnikania 
610 2 0 |a porovnanie štatistické medzinárodné